Loading...
| Science - Biology | 0 | 7 | 1 | 0 | 65 | 27 | 57.43 | 2 | 6 | 30.59 | 52.74 |
| Mythology | 0 | 5 | 0 | 1 | 50 | 53 | 68.20 | 1 | 5 | 19.94 | 30.00 |
| History - European | 0 | 5 | 0 | 0 | 50 | 23 | 57.40 | 1 | 4 | 22.50 | 32.14 |
| Science - Chemistry | 0 | 3 | 0 | 0 | 30 | 65 | 80.67 | 0 | 2 | 5.83 | 14.29 |
| Science - Other | 0 | 3 | 0 | 0 | 30 | 38 | 76.00 | 0 | 1 | 9.24 | 16.67 |
| History - American | 0 | 3 | 0 | 0 | 30 | 45 | 66.33 | 0 | 1 | 11.59 | 13.33 |
| Fine Arts - Classical Music | 0 | 3 | 1 | 0 | 25 | 102 | 110.67 | 1 | 3 | 2.90 | 19.05 |
| History - Other | 0 | 3 | 1 | 1 | 25 | 100 | 100.67 | 0 | 1 | 2.69 | 11.67 |
| Literature - European | 0 | 3 | 2 | 0 | 20 | 99 | 108.67 | 0 | 1 | 1.80 | 8.33 |
| History - World | 0 | 2 | 0 | 1 | 20 | 34 | 67.50 | 0 | 1 | 6.92 | 6.67 |
| Literature - World | 0 | 2 | 0 | 0 | 20 | 56 | 72.50 | 0 | 1 | 7.22 | 11.67 |
| Current Events | 0 | 1 | 0 | 0 | 10 | 75 | 75.00 | 0 | 0 | 7.64 | 4.17 |
| Fine Arts - Painting and Sculpture | 0 | 1 | 0 | 0 | 10 | 51 | 51.00 | 0 | 0 | 4.80 | 5.71 |
| Literature - American | 0 | 1 | 0 | 0 | 10 | 96 | 96.00 | 0 | 0 | 2.20 | 1.67 |
| Literature - British | 0 | 1 | 0 | 0 | 10 | 37 | 37.00 | 1 | 1 | 6.75 | 10.00 |
| Philosophy | 0 | 1 | 0 | 0 | 10 | 53 | 53.00 | 0 | 1 | 5.94 | 6.25 |
| Science - Physics | 0 | 1 | 0 | 0 | 10 | 98 | 98.00 | 0 | 0 | 0.39 | 1.67 |
| Social Science | 0 | 1 | 1 | 0 | 5 | 97 | 97.00 | 0 | 0 | 0.00 | 3.57 |
| Religion | 0 | 0 | 1 | 0 | -5 | 0.00 | 0 | 0 | 0.00 | 0.00 | |
| Geography | 0 | 0 | 2 | 0 | -10 | 0.00 | 0 | 0 | 0.00 | 0.00 |